Orientaciones de la supervisión técnico pedagógica 2000: manual de supervisión

I tiakina i:
Ngā taipitopito rārangi puna kōrero
Ngā kaituhi matua: García-Huidobro Saavedra, Juan Eduardo (Author), Concha A., Carlos (Author), Andaur T., Rafael (Author), Sotomayor E., Carmen (Author), Tolosa, María Teresa (Author), Hernández C., Rubén (Author)
Hōputu: Pukapuka
Reo:Pāniora
I whakaputaina: Santiago Ministerio de Educación 2000
Ngā marau:
Ngā Tūtohu: Tāpirihia he Tūtohu
Kāore He Tūtohu, Me noho koe te mea tuatahi ki te tūtohu i tēnei pūkete!

MARC

LEADER 00000nam a2200000 a 4500
001 UCO6505
003 CL-VaPUC
008 001020e20000200CL |||||||||||||||||spa|d
082 0 4 |a 371.2013  |b GAR  |2 21 
100 |a García-Huidobro Saavedra, Juan Eduardo  |e author  |9 489835 
700 0 |a Concha A., Carlos  |e author  |9 451174 
700 0 |a Andaur T., Rafael  |e author  |9 451175 
700 0 |a Sotomayor E., Carmen  |e author  |9 451176 
700 0 |a Tolosa, María Teresa  |e author  |9 451177 
700 0 |a Hernández C., Rubén  |e author  |9 451178 
245 1 0 |a Orientaciones de la supervisión técnico pedagógica 2000: manual de supervisión 
300 |a 52 p 
942 |c BK 
945 |d 20001020 00:00:00  |a cmena 
260 |a Santiago  |b Ministerio de Educación  |c 2000 
650 7 |a SUPERVISION EDUCACIONAL  |2 CL-VaPUC  |9 341784 
650 7 |a SUPERVISORES  |2 CL-VaPUC  |9 338460 
650 0 |a Calidad de la educación   |9 307271 
650 0 |a Planificación de la educación   |9 307333 
583 |a last modification  |c 20001020 00:00:00  |k Rodrigo Vera 
999 |c 291997  |d 291995 
952 |0 0  |1 0  |4 0  |6 371_201300000000000_GAR_2000  |7 0  |8 P  |9 342400  |a BIBEDU  |b BIBEDU  |c BIBEDU_PB  |d 2019-11-20  |i 3647579  |o 371.2013 GAR 2000  |p 3647579  |r 2024-01-25  |w 2019-11-20  |y BK  |k BME